| 000 | 00477cab a2200193 4500 | ||
|---|---|---|---|
| 001 | ABS36830 | ||
| 008 | 090401t1986 xxu||||| |||| 00| 0 eng d | ||
| 035 | _a(Sirsi) u530 | ||
| 041 | _aeng | ||
| 245 | _aBrick and Block | ||
| 260 | _c1986 | ||
| 350 | _a0 | ||
| 490 |
_aContract Journal _v333 (5580) 25 September 1986 , p24-29 (6) |
||
| 650 | _aBRICKS | ||
| 650 | _aTHERMAL INSULATION | ||
| 690 | _aBUILT ENVIRONMENT-BUILDING MATERIALS | ||
| 942 | _n0 | ||
| 948 | _c04/03/1997 | ||
| 999 |
_c243 _d243 |
||